| 000 | 00646nam a2200169Ia 4500 | ||
|---|---|---|---|
| 005 | 20250423101156.0 | ||
| 008 | 250422s9999 xx 000 0 und d | ||
| 020 | _a87891-899-X | ||
| 050 | _aPE 1413 .B478/ | ||
| 245 | 4 | _aThe best test preparation for the CLEP college-level examination program : Freshman college composition | |
| 260 | _aPiscataway | ||
| 260 | _bResearch & Education Association | ||
| 260 | _c2001 | ||
| 300 | _a294 p | ||
| 650 | _aCollege Entrance Examination Board. College-Level Examination Program English language --Rhetoric --Examinations --Study guides Report writing --Examinations --Study guides | ||
| 942 | _cBK | ||
| 999 |
_c35519 _d35519 |
||